000 01317nam0a22002771 4500
001 rc\3564950
005 20130115140446.9
021 _aRU
_b[77-13255]
035 _a(NLR Aleph) 007798416
090 _a7675055
_c7675055
100 _a20130115d1976 |||a0rusy50 ca
101 0 _arus
102 _aRU
105 _ay z |||||
200 1 _aОрганизация избирательного распределения информации в системе Министерства просвещения СССР
_eМетод. рекомендации
_f[Подгот. Л.Н. Пастуховой, В.С. Корниенко]
_gАкад. пед. наук СССР, Науч.-исслед. ин-т общей педагогики АПН СССР, Отд. науч.-пед. информации и пропаганды
210 _aМосква
_cНИИ ОП
_d1976
215 _a16 с.
_d20
606 _aНаучная информация
_xИзбирательное распределение
_2psbo
702 1 _aПастуховой
_bЛ. Н.
_4570
702 1 _aКорниенко
_bВ. С.
_4570
710 0 1 _aСССР
_bМинистерство просвещения
_3RU\NLR\AUTH\8810020606
801 0 _aRU
_bNLR
_gpsbo
801 1 _aRU
_bELAR
_2rusmarc
852 _aNLR
_j77-4/8336
942 _cBOOK
980 _aNB